00441nam a2200193Ia 4500008004000000041000800040082001300048100002100061245005200082260003600134650000800170650000900178650001800187650000700205650000700212650000900219650001200228650000700240210210b1999 xxu||||| |||| 00| 0 eng d aeng a574 RAOT aRAO (M Sudhakar) aText book of preuniversity biology Vol II Ed 19 aMysorebGeetha Book Housec1999 aVol aText apreuniversity aII aEd abook abiology a19